00325nam a2200121Ia 4500008004100000041000800041082001400049100001600063245004500079260003600124300003100160365001200191240624s9999 xx 000 0 und d aeng a155.2 HAS aHASLAM NICK aINTRODUCTION TO PERSONALITY AND INTELLIG c2007aLondonbSage Publications axiv, : 322 : p. : cm. ; 22 cBPSb30